Pýthia

Podrobná bibliografia
Hlavný autor: Kacarová, Diana (Author)
Médium: Článok
Jazyk:Slovak
Témy:
Zdroj: 1. Katapult
LEADER 00709nab#a2200337#ar4500
001 000039749
003 SVKKK
005 00000000000000.0
008 c xo e sloo
FMT
038 |a SVKKK 
040 |a SVKKK  |b slo  |e AACR2 
041 0 |a slo 
044 |a xo  |c SK 
080 |a 885.4-  |2 1981 
100 1 |a Kacarová, Diana  |4 aut 
245 1 0 |a Pýthia  |c Kacarová Diana, 
600 1 4 |a Kacarová, Diana 
650 0 4 |a básne 
650 0 4 |a literatúra slovenská  |x texty 
773 0 |t Katapult 
957 |a Sobrance 
958 |a LV 
958 |a MI 
958 |a NP 
958 |a RE 
974 |d 970120  |a KAJ 
992 |a RBX 
BAS
852 |a SVKKK  |b BIB 
998 |a REG